ALL Blue October Songs - Statistics

General Stats
  • This quiz has been taken 27 times
  • The average score is 52 of 131
Answer Stats
Album Track # Song % Correct
Foiled 5 Hate Me
82%
Foiled 3 Into the Ocean
76%
Sway 2 Sway
76%
Home 5 Home
71%
I Hope You're Happy 5 I Hope You're Happy
71%
This Is What I Live For 6 Oh My My
65%
This Is What I Live For 4 This Is What I Live For (feat. Steve Schiltz)
65%
Sway 6 Fear
59%
Approaching Normal 9 Jump Rope
59%
Foiled 13 18th Floor Balcony
53%
Any Man in America 8 Any Man in America
53%
History for Sale 4 Calling You
53%
This Is What I Live For 7 Moving On (So Long)
53%
The Answers 1 The Answer
53%
Consent to Treatment 14 The Answer
53%
Any Man in America 12 The Worry List
53%
Foiled 9 X Amount of Words
53%
I Hope You're Happy 11 All That We Are
47%
Approaching Normal 11 Blue Does
47%
History for Sale 5 Chameleon Boy
47%
I Hope You're Happy 6 Colors Collide
47%
Sway 8 Hard Candy
47%
I Hope You're Happy 8 How to Dance in Time
47%
Approaching Normal 7 Kangaroo Cry
47%
Approaching Normal 5 My Never
47%
Sway 12 Not Broken Anymore
47%
Foiled 2 She's My Ride Home
47%
This Is What I Live For 11 The Weatherman
47%
I Hope You're Happy 2 Your Love Is Like a Car Crash
47%
Consent to Treatment 11 Angel
41%
Sway 3 Angels in Everything
41%
Consent to Treatment 6 Balance Beam
41%
Approaching Normal 4 Been Down
41%
Sway 4 Bleed Out
41%
Approaching Normal 10 Blue Skies
41%
Home 8 Break Ground
41%
Sway 1 Breathe, It's Over
41%
Home 1 Coal Makes Diamonds
41%
This Is What I Live For 9 Completely
41%
Foiled 7 Congratulations
41%
I Hope You're Happy 1 Daylight
41%
Sway 5 Debris
41%
Approaching Normal 3 Dirt Room
41%
Any Man in America 5 Drama Everything
41%
Foiled 10 Drilled a Wire Through My Cheek
41%
Home 2 Driver
41%
Foiled 12 Everlasting Friend
41%
Any Man in America 1 Everything (AM Limbo)
41%
This Is What I Live For 5 Fight for Love (feat. Blue Reed)
41%
Any Man in America 4 For the Love
41%
Home 3 Heart Go Bang
41%
Home 10 Houston Heights
41%
I Hope You're Happy 4 I'll Do Me, You Do You
41%
Home 4 I Want it
41%
I Hope You're Happy 9 King
41%
Home 9 Leave It in the Dressing Room (Shake It Up)
41%
I Hope You're Happy 10 Let Forever Mean Forever
41%
Foiled 6 Let It Go
41%
Sway 10 Light You Up
41%
This Is What I Live For 3 Love Stupid (feat. Karen Hover)
41%
Foiled 8 Overweight
41%
Sway 9 Put It In
41%
Approaching Normal 2 Say It
41%
Approaching Normal 6 Should Be Loved
41%
Foiled 11 Sound of Pulling Heaven Down
41%
Any Man in America 6 The Chills
41%
Approaching Normal 12 The End
41%
Any Man in America 2 The Feel Again (Stay)
41%
Any Man in America 7 The Flight (Lincoln to Minneapolis)
41%
Any Man in America 13 The Follow Through
41%
Any Man in America 11 The Getting Over It Part
41%
Any Man in America 10 The Honesty
41%
Home 7 The Lucky One
41%
Any Man in America 3 The Money Tree
41%
Home 12 The Still
41%
Sway 11 Things We Do at Night
41%
Home 11 Time Changes Everything
41%
Sway 13 To Be
41%
Approaching Normal 1 Weight of the World
41%
Other - Weight of the World
41%
Home 6 We Know Where You Go
41%
Foiled 4 What If We Could
41%
Foiled 1 You Make Me Smile
41%
Any Man in America 9 You Waited Too Long
41%
History for Sale 12 Amazing
35%
History for Sale 2 Clumsy Card House
35%
History for Sale 11 Come in Closer
35%
I Hope You're Happy 12 Further Dive (The House That Dylan Built)
35%
Consent to Treatment 4 Hrsa
35%
This Is What I Live For 1 I Laugh at Myself
35%
Consent to Treatment 2 Independently Happy
35%
I Hope You're Happy 3 I Want to Come Back Home
35%
This Is What I Live For 8 I Will Follow You
35%
This Is What I Live For 13 Only Lost Is Found
35%
Approaching Normal 8 Picking Up Pieces
35%
History for Sale 3 Razorblade
35%
I Hope You're Happy 7 Remission in Cmaj
35%
Consent to Treatment 1 Retarded Disfigured Clown
35%
This Is What I Live For 10 Stay with Me
35%
This Is What I Live For 2 The Way I Used to Love You
35%
Sway 7 Things We Don't Know About
35%
History for Sale 1 Ugly Side
35%
This Is What I Live For 12 Who Do You Run From
35%
History for Sale 8 3 Weeks, She Sleeps
29%
Consent to Treatment 13 Amnesia
29%
History for Sale 7 A Quiet Mind
29%
Consent to Treatment 5 Breakfast After 10
29%
The Answers 4 Breakfast After Ten
29%
Consent to Treatment 9 Drop
29%
Consent to Treatment 7 Holler
29%
History for Sale 9 Inner Glow
29%
The Answers 5 Italian Radio
29%
Consent to Treatment 3 James
29%
Consent to Treatment 12 Libby, I'm Listening
29%
Consent to Treatment 8 Schizophrenia
29%
History for Sale 6 Sexual Powertrip
29%
History for Sale 10 Somebody
29%
The Answers 12 Tomorrow
29%
The Answers 13 Black Orchid
24%
The Answers 9 Blue Sunshine
24%
Consent to Treatment 10 Conversation Via Radio (Do You Ever Wonder)
24%
The Answers 11 Darkest Side of Houston's Finest Day
24%
The Answers 6 For My Brother
24%
The Answers 10 Mr. Blue's Menu
24%
The Answers 7 Sweet and Somber Pigeon Wings
24%
The Answers 3 The 21st
24%
The Answers 8 Weaknesses
24%
The Answers 2 Two A.M. Lovesick
18%
Other - The Scar
12%
Other - Bonus Track
0%
Other - For My Mother
0%
No matching quizzes found
Score Distribution
Percent of People with Each Score
Percentile by Number Answered
Your Score History
You have not taken this quiz